000 01278nam a2200229Ia 4500
003 Ost
005 20260507075334.0
008 260507s9999||||xx |||||||||||||| ||und||
040 _cfsecg
041 _aara
082 _a330
100 _aأحمد، محمد سمير
_eمؤلف
245 0 _aالجودة الشاملة و تحقيق الرقابة في البنوك التجارية /
_c محمد سمير أحمد
260 _aعمان:
_bدار المسيرة للنشر والتوزيع,
_c2009
300 _a209 صفحة؛
_bإيضاحات ؛
_c25 سم
504 _aالمراجع ص.197 (اقتناءات 2014 3ن)
520 _aالرقابة الداخلية في البنوك التجارية و مقومات و فاعلية هذه الرقابة ، العلاقة بين الجودة الشاملة و الرقابة الداخلية ، مسؤولية الؤقابة الداخلية في تحقيق نظام الجودة الشاملة ، تقييم الرقابة الداخلية و القدرة التنافسية في البنوك التجارية ، دراسة تحليلية لتطبيق المشتقات
653 _aالبنوك التجارية
653 _aالرقابة المالية
653 _aضبط الجودة
942 _cكتاب
999 _c44030
_d44030